[Event "I IRT CXG 2025"]
[Site "Rio de Janeiro"]
[Date "2025.03.25"]
[Round "2.4"]
[White "Rovedo, Salomão"]
[Black "Ramos, Angelo Bil"]
[Result "0-1"]
[WhiteElo "1727"]
[BlackElo "1995"]
[Annotator "Chessbase - SF 17.1"]
[PlyCount "110"]
[EventDate "2025.??.??"]
[EventCountry "BRA"]

1. d4 {[%eval 17,0]} Nf6 {[%eval 19,0]} 2. Nf3 {[%eval 11,0]} g6 {[%eval 22,0]} 3. e3 {[%eval 19,0]} Bg7 {[%eval 19,0]} 4. Bd3 {[%eval 1,0]} O-O {[%eval 15,0]} 5. O-O {[%eval 4,0]} d6 {[%eval 18,0]} 6. c3 {[%eval 12,0]} Nbd7 {[%eval 2,0]} 7. b3 {[%eval 8,0]} (7. Re1 e5 8. e4 (8. dxe5 dxe5 9. e4 Nc5 10. Qc2 Qxd3 11. Qxd3 Nxd3 12. Rd1 Nxc1 13. Rxc1 Nxe4 14. Re1 f5 15. Na3 Be6 16. Rad1 Rad8 17. Nb5 c6 18. Na3 Bxa2 19. Nc2 Rxd1 20. Rxd1 Bb3 21. Rc1 Bxc2 {Spinler,D (1634)-Solcan,M (2069) Slovakia 2022 0-1}) 8... c6 9. dxe5 dxe5 10. Nbd2 Nc5 11. Bc2 Re8 12. Qe2 Nh5 13. Qc4 b6 14. a3 Nf4 15. Qf1 Ba6 16. c4 Ncd3 17. Rd1 Nxc1 18. Raxc1 Qf6 19. g3 Ne6 20. Bd3 Bh6 21. Rc3 Rad8 {Matteini,P-De la Riva Aguado,O (2482) Andorra 2017 0-1 (43)}) (7. Nbd2 e5 8. dxe5 dxe5 9. Bc2 Re8 10. e4 a5 11. a4 Nc5 12. Qe2 b6 13. Nc4 Ba6 14. b4 axb4 15. cxb4 Ne6 16. Be3 Nh5 17. b5 Bb7 18. Nfxe5 Nd4 19. Bxd4 Qxd4 20. Rad1 Qc5 21. Nd7 Qg5 22. Qf3 Nf4 23. Ne3 Ne6 24. Qe2 Rad8 25. Qc4 h5 26. e5 Nf4 27. Be4 Bc8 28. Nf6+ Bxf6 29. exf6 Qxf6 30. Bc6 Rf8 31. Kh1 Be6 32. Qc2 h4 33. h3 Qg5 34. Ng4 Bxg4 35. hxg4 Qxg4 36. Bf3 Qg5 {0-1 Uber Gracia,H (2312)-Kislinsky,A (2355) Titled Tuesday intern op 13th Aug Early Chess.com INT blitz 2024 (1)}) 7... e5 {[%eval 16,0]} 8. dxe5 {[%eval 54,0] The position is equal.} dxe5 {[%eval 5,0] [#] And now ...e4 would win.} 9. e4 $146 {[%eval 67,0]} (9. Bc2 a5 10. Bb2 c6 11. Nbd2 Qc7 12. c4 Re8 13. e4 Nc5 14. Ba3 Nfd7 15. Re1 Ne6 16. Nf1 Nd4 17. Nxd4 exd4 18. Bd3 Ne5 19. Ng3 c5 20. Bc1 Be6 21. Bf4 f6 22. Bxe5 fxe5 23. f3 Rf8 24. Qd2 Qe7 25. a3 b6 26. Reb1 Ra7 27. b4 axb4 28. axb4 Rfa8 29. Rxa7 Qxa7 30. bxc5 bxc5 31. Qb2 Bf8 32. h4 Bh6 33. Qb5 Be3+ 34. Kf1 Qa3 35. Ke2 Qc3 36. Rb2 Qa3 37. Qb6 Bf7 38. h5 Qa5 {½-½ Gehl,H (1723)-Daum,H (1814) Schleswig Holstein-ch A 62nd Itzehoe 2007 (8)}) 9... Re8 $6 {[%eval 9,0] Inaccuracy. Nc5 was best. aiming for ...Nc5.} (9... Nc5 10. Ba3) 10. Bg5 $2 {[%eval -73,0] Mistake. Be3 was best.} (10. Be3) 10... h6 $6 {[%eval 38,0] Inaccuracy. Nc5 was best.} (10... Nc5 11. Bxf6 Qxf6 12. Qc2 Bg4 13. Be2 Bh6 14. b4 Ne6 15. h3 Bxf3 16. Bxf3) 11. Bxf6 {[%eval 76,0]} Qxf6 {[%eval 76,0]} 12. Nbd2 {[%eval 72,0]} Nc5 {[%eval 68,0]} 13. Bc2 {[%eval -92,0]} Be6 $6 {[%eval 35,0] Inaccuracy. h5 was best.} (13... h5 14. Qe2 a5 15. Qe3 Ne6 16. h4 Bf8 17. g3 Bc5 18. Qe2 b5 19. a3) 14. h3 {[%eval 56,0]} Rad8 {[%eval 43,0]} 15. Qe2 {[%eval 46,0]} Qe7 {[%eval 19,0]} 16. Rad1 {[%eval 35,0]} a6 {[%eval 19,0]} 17. Nb1 $6 {[%eval 85,0] Inaccuracy. Nc4 was best.} (17. Nc4 Nd7) 17... Bd7 {[%eval 9,0]} 18. Rfe1 {[%eval 86,0]} Bc6 {[%eval 48,0]} 19. Rxd8 {[%eval 63,0]} Rxd8 {[%eval 56,0]} 20. c4 {[%eval 9,0]} Be8 {[%eval 85,0]} 21. Nc3 {[%eval 76,0]} c6 {[%eval 76,0] Against Nd5} 22. Rd1 {[%eval 91,0]} Ne6 {[%eval 79,0]} 23. g3 {[%eval 9,0]} Nd4 {[%eval 62,0]} 24. Nxd4 {[%eval 83,0]} Rxd4 $6 {[%eval 27,0] Inaccuracy. exd4 was best.} (24... exd4) 25. Qe3 $6 {[%eval 83,0] Inaccuracy. Rxd4 was best.} (25. Rxd4) 25... Qa3 {[%eval 85,0]} 26. Qc1 {[%eval 86,0]} Qxc1 {[%eval 74,0]} 27. Rxc1 {[%eval 72,0]} Bd7 {[%eval 7,0]} 28. Kg2 {[%eval 71,0]} Rd2 {[%eval 46,0]} (28... Bf8 $5 {[%cal Rf8b4]}) 29. Bd1 $6 {[%eval -69,0] Inaccuracy. Nb1 was best.} (29. Nb1) 29... Bf8 {[%eval -77,0]} 30. Rc2 {[%eval -83,0]} Rd4 {[%eval -99,0]} 31. Bf3 {[%eval -88,0]} Bb4 {[%eval -84,0]} 32. Na4 {[%eval -29,0]} Be6 {[%eval -14,0]} 33. g4 {[%eval -9,0]} Kg7 {[%eval -3,0]} 34. Be2 $6 {[%eval -279,0] Inaccuracy. c5 was best.} (34. c5 Kf6) 34... Rxe4 {[%eval -298,0]} 35. c5 {[%eval -284,0]} Rd4 {[%eval -299,0]} 36. Kf3 $6 {[%eval -388,0] Inaccuracy. Nb6 was best.} (36. Nb6 f5 37. f3 Kf6 38. Nc4 Bd5 39. Ne3 h5 40. Nxd5+ Rxd5 41. gxh5 gxh5) 36... Bd5+ {[%eval -385,0]} 37. Kg3 {[%eval -391,0]} Be4 {[%eval -203,0]} 38. Rc4 {[%eval -215,0]} Rxc4 {[%eval -213,0]} 39. Bxc4 $19 {[%eval -214,0][%mdl 4096] Endgame KBB-KBN} Bb1 {[%eval -222,0]} 40. Kf3 {[%eval -397,0]} Bxa2 {[%eval -394,0] Black is clearly winning.} 41. Ke4 {[%eval -364,0]} Kf6 {[%eval -389,0]} 42. f3 {[%eval -362,0]} Bb1+ {[%eval -397,0]} 43. Bd3 {[%eval -493,0]} Bxd3+ {[%eval -499,0]} 44. Kxd3 {[%eval -302,0] KB-KN} Ke6 {[%eval -498,0]} 45. Kc4 {[%eval -314,0]} a5 {[%eval -317,0]} 46. Nb2 {[%eval -303,0]} f5 {[%eval -307,0][%cal Bf7f5,Bf5e4][%mdl 32]} 47. Nd3 {[%eval -474,0]} Bd2 {[%eval -479,0]} 48. Nf2 {[%eval -497,0]} Be3 {[%eval -462,0]} 49. Nd3 {[%eval -444,0]} e4 {[%eval -453,0]} 50. fxe4 {[%eval -467,0]} fxe4 {[%eval -462,0]} 51. Ne1 {[%eval -415,0]} Ke5 {[%eval -417,0]} 52. Ng2 {[%eval -413,0]} Bg5 {[%eval -429,0]} 53. h4 $6 {[%eval -708,0] Inaccuracy. Kc3 was best.} (53. Kc3 Kd5 54. h4 Bf6+ 55. Kc2 Kxc5 56. Nf4 g5 57. hxg5 hxg5 58. Ne2 b5) 53... Bd2 {[%eval -744,0]} 54. b4 {[%eval -613,0]} axb4 {[%eval -648,0] Hoping for ...g5.} 55. h5 $6 {[%eval -4537,0] Inaccuracy. g5 was best.} (55. g5 hxg5 56. hxg5 Bxg5 57. Kxb4 e3 58. Kc3 Ke4 59. Kb4 Bd8 60. Ne1 e2) 55... g5 {[%eval -1025,0] Weighted Error Value: White=0.33/Black=0.13 (very precise) Precisão SF17: Brancas 91% Pretas 96%} 0-1

[Event "I IRT CXG 2025"]
[Site "Rio de Janeiro"]
[Date "2025.03.25"]
[Round "2.5"]
[White "Santos Filho, Tadeu Souza"]
[Black "Manzi, Luiz Antonio Bardar"]
[Result "0-1"]
[WhiteElo "2017"]
[BlackElo "1996"]
[Annotator "Chessbase - SF 17.1"]
[PlyCount "71"]
[EventDate "2025.??.??"]
[EventCountry "BRA"]

1. e4 {[%eval 18,0]} c5 {[%eval 25,0]} 2. Nf3 {[%eval 2,0]} d6 {[%eval 25,0]} 3. d4 {[%eval 22,0]} cxd4 {[%eval 19,0]} 4. Nxd4 {[%eval 18,0]} a6 {[%eval 49,0]} 5. Be3 {[%eval 22,0]} (5. Nc3 e6 6. Be3 b5 7. Qd2 Bb7 8. f3 h5 9. a4 bxa4 10. Nxa4 Nd7 11. c4 Ngf6 12. Be2 Be7 13. O-O O-O 14. b4 h4 15. Rac1 Rc8 16. Nb3 h3 17. g3 Bc6 18. Nc3 Ba8 19. Na4 Rb8 20. c5 d5 21. c6 Rxb4 22. Qa2 dxe4 23. cxd7 exf3 24. Bxf3 Bxf3 25. Rxf3 Qxd7 26. Nac5 Qd5 27. Rf2 Ng4 28. Qd2 Rxb3 29. Qxd5 exd5 30. Nxb3 Nxe3 31. Re2 Bg5 32. Rc5 Rb8 33. Nd2 Ng4 34. Nf1 Rb1 {0-1 Dominguez Perez,L (2748)-Martinez Alcantara,J (2612) Titled Tuesday intern op 16th Jul Late Chess.com INT blitz 2024 (9)}) 5... Nf6 {[%eval 38,0]} (5... e6 6. a3 Nf6 7. Nc3 b5 8. g4 Bb7 9. Bg2 Nfd7 10. g5 Nb6 11. Qe2 N8d7 12. O-O-O Rc8 13. Kb1 Rxc3 14. bxc3 Qc7 15. Rd3 Ne5 16. Rc1 Na4 17. Qd2 Nc4 18. Qe1 Qc5 19. Rcd1 Nxa3+ 20. Ka2 {Sathvik Adiga (2408)-Martinez Alcantara,J (2607) chess.com INT 2024 0-1 (39)}) 6. f3 {[%eval 16,0]} e5 {[%eval 11,0]} 7. Nb3 {[%eval 25,0]} d5 {[%eval 1,0]} 8. Bg5 $146 {[%eval 56,0] The position is equal.} (8. exd5 Nxd5 9. Qd3 Nxe3 10. Qxe3 Qc7 11. N1d2 Be7 12. Bd3 O-O 13. Nc4 Nc6 14. Nb6 Rb8 15. Nd5 Qd8 16. O-O-O Bg5 17. f4 exf4 18. Nxf4 Qc7 19. g3 Nb4 20. Kb1 Nxd3 21. Rxd3 Bf5 22. Rc3 Qd7 {Le Coz,Y (1620)-Roche,Y (2059) Fouesnant 2004 0-1 (41)}) 8... Be6 {[%eval 36,0]} 9. exd5 {[%eval 31,0]} Qxd5 {[%eval 39,0] [#]} 10. Nc3 $146 {[%eval 36,0]} (10. Qxd5 Nxd5 11. c3 Nc6 12. Kf2 h6 13. Bd2 a5 14. Bb5 a4 15. Nc1 Bc5+ 16. Ke2 O-O 17. Nd3 Bd6 18. Bxc6 bxc6 19. Na3 Rfe8 20. Rhe1 Rad8 21. Rad1 e4 22. Nf2 e3 {0-1 Riehle,M (1950)-Foisor,C (2398) Deizisau op 9th 2014 (3)}) 10... Bb4 {[%eval 19,0]} 11. Bd2 {[%eval 32,0]} Qc6 {[%eval 1,0]} 12. a3 {[%eval 43,0]} Be7 {[%eval 49,0]} 13. Bd3 {[%eval 37,0]} Nbd7 {[%eval 9,0][%cal Bb8d7,Bd7c5,Bc5e6][%mdl 32]} 14. Qe2 {[%eval 0,0]} O-O {[%eval 13,0]} 15. Na5 $6 {[%eval -93,0] Inaccuracy. O-O-O was best.} (15. O-O-O) 15... Qc7 {[%eval -99,0]} 16. Nc4 {[%eval -75,0]} b5 {[%eval -91,0]} 17. Ne3 {[%eval -92,0]} Nc5 {[%eval -95,0]} 18. Bf5 {[%eval -95,0]} Rfe8 {[%eval 82,0][%cal Bf8e8,Be8e7,Be7d7][%mdl 32]} 19. b4 $6 {[%eval -38,0] Inaccuracy. O-O-O was best.} (19. O-O-O) 19... Bxf5 {[%eval -94,0]} 20. Nxf5 {[%eval -26,0]} Ne6 {[%eval -38,0] aiming for ...Nd4.} 21. Nxe7+ {[%eval -18,0]} Rxe7 {[%eval -37,0]} 22. Ne4 $6 {[%eval -138,0] Inaccuracy. O-O was best.} (22. O-O) 22... Nxe4 {[%eval -149,0]} (22... Qxc2 23. Rc1 Qb2 24. Nxf6+ gxf6 25. Bh6 Qxe2+ 26. Kxe2 $17) 23. Qxe4 {[%eval -199,0]} Rc8 $6 {[%eval -95,0] Inaccuracy. Rd8 was best.} (23... Rd8 24. Be3 f5 25. Qxf5 Nd4 26. Bxd4 exd4+ 27. Kf2 d3 28. Rhe1 Qxc2+ 29. Kg3) 24. Rc1 $2 {[%eval -144,0] Mistake. O-O was best.} (24. O-O Rd7) 24... Rd7 {[%eval -155,0][%cal Bd7d2] [#] Hoping for ...Rxd2!} 25. c3 {[%eval -194,0]} Rcd8 {[%eval -95,0]} (25... Rxd2 26. Kxd2 f5 27. Qb1 (27. Qd5 $2 Rd8 $19)) 26. Be3 {[%eval -38,0]} Rd3 $36 {[%eval -29,0][%mdl 2048] ...f5 is the strong threat. Black has strong initiative.} 27. O-O {[%eval -46,0][%cal Be3d4]} Rxc3 {[%eval -94,0]} 28. Rxc3 $6 {[%eval -154,0] Inaccuracy. h3 was best.} (28. h3 h6 29. Rxc3 Qxc3 30. Rc1 Qxa3 31. Kh2 Nd4 32. Qxe5 Qxb4 33. Rc5 Qb2) 28... Qxc3 {[%eval -138,0]} 29. Rc1 {[%eval -152,0]} Qxa3 {[%eval -158,0]} 30. Qxe5 $6 {[%eval -282,0] Inaccuracy. h3 was best.} (30. h3 Nd4) 30... Qxb4 {[%eval -299,0]} 31. Ra1 {[%eval -278,0]} h6 {[%eval -264,0]} 32. Bb6 {[%eval -221,0]} Rd2 {[%eval -208,0]} 33. Be3 {[%eval -379,0]} Re2 {[%eval -377,0] And now ...Qb3 would win. Black is clearly winning.} 34. Qb8+ $6 {[%eval -449,0] Inaccuracy. Rc1 was best.} (34. Rc1 Re1+ 35. Kf2 Rxc1 36. Bxc1 Qh4+ 37. Kg1 Qd8 38. Kf2 Qd3 39. Qe2 Qd6) 34... Kh7 $19 {[%eval -499,0]} 35. Bf2 $6 {[%eval -700,0] Inaccuracy. Qe5 was best. Prevents Re1+.} (35. Qe5 Qb3) {[%tqu "En","","","","e2f2","",10]} 35... Rxf2 $1 {[%eval -508,0]} 36. Kxf2 {[%eval -592,0] Weighted Error Value: White=0.43/Black=0.10 (very precise) Precisão SF17: Brancas 89% Pretas 95%} 0-1

[Event "I IRT CXG 2025"]
[Site "Rio de Janeiro"]
[Date "2025.03.29"]
[Round "3.1"]
[White "Manzi, Luiz Antonio Bardar"]
[Black "Macario, Jorge Luiz das Chag"]
[Result "1-0"]
[WhiteElo "1996"]
[BlackElo "1787"]
[Annotator "Chessbase - SF 17.1"]
[PlyCount "75"]
[EventDate "2025.??.??"]
[EventCountry "BRA"]

1. e4 {[%eval 18,0]} c6 {[%eval 23,0]} 2. d4 {[%eval 24,0]} d5 {[%eval 24,0]} 3. e5 {[%eval 33,0]} Bf5 {[%eval 22,0]} 4. Ne2 {[%eval 0,0]} e6 {[%eval 7,0]} 5. Ng3 {[%eval 0,0]} Ne7 {[%eval 25,0]} (5... Bg6 6. h4 h6 7. h5 Bh7 8. Bd3 Bxd3 9. cxd3 c5 10. dxc5 Bxc5 11. Qg4 Kf8 12. d4 Bb6 13. Nc3 Nc6 14. Be3 Nge7 15. O-O Kg8 16. Rad1 Qd7 17. Nce2 Kh7 18. a3 a5 19. Rd3 a4 20. Bc1 Rhf8 21. Rfd1 f5 22. Qf3 Rac8 23. Nf4 Bxd4 24. Ng6 Nxg6 25. hxg6+ Kxg6 26. Qf4 Bxe5 27. Qxa4 Kh7 28. Nf1 Bf6 29. b4 Ne5 30. R3d2 Qxa4 {0-1 Van Foreest,J (2684)-Gukesh,D (2730) Titled Tuesday intern op 21st Mar Early Chess.com INT blitz 2023 (9)}) 6. Be2 {[%eval 19,0]} (6. Nd2 h6 7. Nxf5 Nxf5 8. Nf3 c5 9. dxc5 Bxc5 10. Bd3 Nh4 11. Nxh4 Qxh4 {[%csl Gc5][%cal Rh4f2]} 12. g3 Qh3 13. Qe2 Nc6 14. c3 d4 (14... Qg2 $5 {[%cal Rg2h1]} 15. Rf1 Qxh2 $15) 15. f4 dxc3 16. bxc3 O-O 17. Be4 Rfd8 18. Bg2 Qf5 19. Be4 Qh3 20. Rb1 Bb6 {Dardha,D (2639)-Paichadze,L (2532) Skopje MKD 2024 ½-½}) 6... h6 $146 {[%eval 42,0]} (6... Bg6 {[%cal Bc6c5]} 7. Nd2 c5 8. c3 Nbc6 9. Nf3 Nf5 10. O-O Qb6 11. Nxf5 Bxf5 12. b3 Be7 13. Be3 O-O 14. Rc1 Rfd8 15. Qd2 cxd4 16. Nxd4 Nxd4 17. Bxd4 Bc5 18. h4 {g4 is the strong threat.} h6 19. g4 Bg6 20. f4 Be4 21. Bxc5 {Walesch,R (1923)-Schoenau,H (2023) Bayern 2003 ½-½ (60)}) (6... Nd7 7. O-O (7. c3 h6 8. Na3 Bg6 9. Nc2 c5 10. O-O Nc6 11. Bd3 Bxd3 12. Qxd3 Be7 13. Nh5 Bf8 14. Qg3 g6 15. Nf4 Qe7 16. Bd2 O-O-O 17. b4 cxb4 18. cxb4 {And now b5 would win.} a6 19. a4 b5 20. Qd3 Ndb8 21. axb5 {Mueckan,F (2051)-Zanger,K (1603) Dresden 2005 1-0 (63)}) 7... Qb6 8. Nc3 Bg6 9. Na4 Qa5 10. b3 O-O-O 11. Bd2 Qc7 12. f4 h5 13. Nxh5 Nf5 14. c3 Ba3 15. b4 {aiming for Rb1.} Rh7 16. Rb1 Rdh8 {[%cal Rg6h5]} 17. g4 Nh6 18. Rb3 Nxg4 19. Bxg4 Bxh5 20. Bxh5 Rxh5 21. Rf2 {Sejkora,V (2264)-Scarenzio,R (1932) Imperia 2000 1-0 (45)}) 7. O-O {[%eval 48,0]} Bh7 {[%eval 47,0][%cal Bc6c5]} 8. Bd3 {[%eval 24,0] White is slightly better.} Bxd3 {[%eval 18,0]} 9. Qxd3 {[%eval 21,0] [#]} c5 $146 {[%eval 19,0]} (9... Ng6 10. f4 Nh4 11. f5 Nxf5 12. Nxf5 exf5 13. Rxf5 Nd7 14. Qf1 Qe7 15. Bd2 Qe6 16. Nc3 g6 17. Rf3 Bg7 18. Ne2 g5 19. Ng3 O-O 20. Re1 Qg6 21. Nf5 Qe6 22. Nd6 f6 23. exf6 Qxd6 24. fxg7 Kxg7 25. a3 Rxf3 26. Qxf3 Nf6 27. Bb4 c5 28. Bxc5 Qc6 29. Re7+ Kg6 30. Qe3 Ne4 31. c4 Qf6 32. Qe2 Qf4 33. g3 Qc1+ 34. Kg2 Nxc5 35. dxc5 Rf8 36. cxd5 Qxc5 37. Qe4+ Kh5 38. Kh3 {1-0 Gayvonenko,Y (1960)-Kruppa,V (1994) Berdsk op 2007 (3)}) 10. c3 {[%eval 22,0]} cxd4 {[%eval 5,0]} 11. cxd4 {[%eval 58,0]} Nbc6 {[%eval 41,0][%cal Bb8c6,Bc6a5,Ba5c4][%mdl 32]} 12. Nd2 {[%eval 33,0]} Qb6 {[%eval 41,0]} 13. Nf3 {[%eval 49,0]} Ng6 {[%eval 52,0]} 14. Nh5 {[%eval 51,0]} O-O-O {[%eval 64,0]} 15. a3 {[%eval 5,0]} Na5 {[%eval 51,0]} 16. b4 {[%eval 65,0]} Nc4 {[%eval 67,0]} 17. Nd2 {[%eval 21,0][%cal Bf3d2,Bd2b3,Bb3c5][%mdl 32]} (17. Bd2 $5) 17... Kb8 {[%eval 18,0]} 18. Nb3 {[%eval 19,0]} Rg8 {[%eval 63,0]} 19. Be3 {[%eval 36,0]} Ne7 $6 {[%eval 103,0] Inaccuracy. Be7 was best.} (19... Be7 20. Ng3 Qc6 21. Nc5 Bxc5 22. bxc5 Ne7 23. a4 Ka8 24. Rfb1 Rd7 25. Ne2) 20. Rfb1 $6 {[%eval 48,0] Inaccuracy. Qh7 was best.} (20. Qh7 Rc8 21. Nc5 Ka8 22. a4 g6 23. a5 Qb5 24. Nf6 Rg7 25. Qxh6 Nf5) 20... Nf5 {[%eval 31,0]} 21. Nc5 {[%eval 41,0]} Nfxe3 $6 {[%eval 101,0] Inaccuracy. Qc6 was best.} (21... Qc6 22. Ng3) 22. fxe3 {[%eval 117,0]} Be7 {[%eval 145,0]} 23. a4 {[%eval 99,0][%cal Ba3a4,Ba4a5][%mdl 32]} Qc7 {[%eval 141,0]} 24. a5 {[%eval 129,0]} Qc8 {[%eval 143,0]} 25. Rf1 {[%eval 139,0] Prevents f6.} Rdf8 {[%eval 104,0]} 26. Rf3 $6 {[%eval 68,0] Inaccuracy. e4 was best.} (26. e4 a6) 26... Bg5 $6 {[%eval 105,0] Inaccuracy. a6 was best.} (26... a6) 27. Nf4 {[%eval 159,0]} Bxf4 {[%eval 107,0]} 28. Rxf4 {[%eval 213,0]} (28. exf4 $6 Rh8 $14) 28... f5 {[%eval 157,0]} 29. exf6 {[%eval 166,0] [#] Threatens to win with f7.} gxf6 {[%eval 214,0]} 30. e4 {[%eval 107,0]} Qe8 $6 {[%eval 263,0] Inaccuracy. f5 was best.} (30... f5 31. exd5 exd5 32. b5 Re8 33. g3 Nd6 34. Qb3 Qc7 35. Rc1 Qf7 36. a6) 31. Raf1 $2 {[%eval 138,0] Mistake. Re1 was best.} (31. Re1) 31... f5 $2 {[%eval 303,0][%mdl 8192] Mistake. b6 was best.} (31... Qg6 $2 32. g3 $18) (31... b6 32. axb6) 32. exd5 {[%eval 289,0]} exd5 {[%eval 219,0]} 33. g3 $4 {[%eval 35,0] Blunder. Rxf5 was best.} (33. Rxf5) 33... Rg7 $2 {[%eval 172,0] Mistake. b6 was best.} (33... b6) 34. Rxf5 {[%eval 149,0]} Rxf5 $2 {[%eval 324,0] Mistake. Rgf7 was best.} (34... Rgf7 35. g4) 35. Qxf5 {[%eval 300,0] [#] Strongly threatening a6.} Ne3 {[%eval 362,0]} 36. Qf8 {[%eval 293,0]} Qxf8 $4 {[%eval 684,0] Blunder. Re7 was best.} (36... Re7 37. Qxe8+ Rxe8 38. Rf7 Ka8 39. Nxb7 Nc2 40. Nc5 Nxb4 41. Rf6 Nc2 42. Ne6) 37. Rxf8+ $18 {[%eval 673,0]} Kc7 {[%eval 666,0]} 38. Ne6+ {[%eval 656,0] Weighted Error Value: White=0.37/Black=0.65 Precisão SF 17; Brancas 90% Pretas 83%} 1-0

[Event "I IRT CXG 2025"]
[Site "Rio de Janeiro"]
[Date "2025.03.29"]
[Round "3.2"]
[White "Ramos, Angelo Bil"]
[Black "Santos Filho, Tadeu Douza"]
[Result "0-1"]
[WhiteElo "2017"]
[BlackElo "1995"]
[Annotator "Chessbase - SF 17.1"]
[PlyCount "70"]
[EventDate "2025.??.??"]
[EventCountry "BRA"]

1. e4 {[%eval 18,0]} c6 {[%eval 23,0]} 2. d4 {[%eval 24,0]} d5 {[%eval 24,0]} 3. exd5 {[%eval 8,0]} cxd5 {[%eval 18,0]} 4. c4 {[%eval 12,0]} Nf6 {[%eval 7,0]} 5. Nc3 {[%eval 9,0]} Nc6 {[%eval 1,0]} 6. Nf3 {[%eval 4,0]} a6 {[%eval 2,0]} 7. cxd5 {[%eval 5,0]} Nxd5 {[%eval 11,0]} 8. Be2 {[%eval 6,0]} (8. Bc4 Be6 {Strongly threatening ...Nxc3.} (8... e6 9. O-O Be7 10. h3 O-O 11. Nxd5 exd5 12. Bd3 Bf6 13. Be3 Re8 14. Rc1 Be6 15. Qd2 Rc8 16. Rc3 Qd7 17. Bg5 Bxg5 18. Qxg5 f6 19. Qh5 g6 20. Qh4 Kg7 21. Qf4 Ne7 22. Rfc1 Rxc3 23. Rxc3 Rc8 24. Rxc8 Qxc8 25. Qe3 Qd7 26. Ne1 Bf5 27. Nc2 Bxd3 28. Qxd3 Nf5 29. Ne3 Nxe3 30. Qxe3 {½-½ Shevchenko,K (2651)-Keymer,V (2743) Chessable Masters Play In Chess.com INT rapid 2024 (9)}) 9. Bb3 (9. Qe2 Nxc3 10. bxc3 Bxc4 11. Qxc4 e6 {Prevents d5.} 12. O-O Be7 13. Rd1 Na5 14. Qe2 {[%cal Bd4d5]} Qd5 15. Ne5 {Hoping for c4.} Rc8 {Against c4} 16. Rd3 f6 17. Ng4 Nc4 18. Ne3 Nxe3 19. Rxe3 Kf7 20. a4 Rhd8 21. Ba3 Bxa3 22. Rxa3 Rc4 {Pimpalkhare,V (2254)-Berdayes Ason,D (2519) Sitges ESP 2024 ½-½ (41)}) 9... Nxc3 10. bxc3 {d5 is the strong threat.} Bxb3 11. axb3 {aiming for d5.} e6 12. Bg5 Be7 13. Bxe7 Qxe7 14. O-O O-O 15. Re1 Rfd8 16. Re4 Qc7 17. Qe2 h6 18. h3 b5 19. c4 bxc4 20. bxc4 {[%cal Bd4d5]} a5 21. Qc2 Nb4 22. Qc3 Rdc8 {Giri,A (2764)-Grischuk,A (2777) chess24.com INT 2020 ½-½ (84)}) 8... g6 {[%eval 3,0]} 9. O-O {[%eval 9,0]} Bg7 {[%eval 1,0]} 10. Bg5 $146 {[%eval 26,0] The position is equal.} (10. Nxd5 Qxd5 11. Be3 O-O 12. a3 b5 13. Rc1 Bb7 14. Qd2 Rfd8 {[%cal Rc6d4]} 15. Rfd1 Rac8 16. Rc5 Qd6 {[%cal Bd6c5]} 17. b4 Qb8 18. Qa2 (18. Bf4 $5 {[%cal Rf4b8]} Qa8 19. Qe3) 18... e6 19. Bg5 Rd7 20. d5 exd5 21. Rcxd5 Rxd5 22. Qxd5 $4 {[%mdl 8192]} (22. Rxd5 $15 Ne5 23. Rd1) 22... Nd4 23. Qa2 Rc2 24. Qxc2 Nxc2 {Cavalcanti,J (1798)-Souza,R (2081) Recife 2019 0-1 (31)}) 10... O-O {[%eval 11,0]} 11. Qd2 {[%eval 18,0]} b5 {[%eval 24,0] [#]} 12. Rac1 $146 {[%eval 16,0]} (12. Ne4 Bg4 13. Bh6 Bxf3 14. Bxf3 Nxd4 15. Bg4 e5 16. Bxg7 Kxg7 17. Nc5 Nf6 18. Be2 Nf3+ {0-1 De Souza,M-Terao,R (2035) BRA-ch U20 32th Sao Paulo 2005 (4)}) 12... Bb7 {[%eval 14,0]} 13. Ne4 {[%eval 5,0]} Qb6 {[%eval 0,0][%cal Rc6d4]} 14. Nc5 {[%eval 2,0]} Rfd8 {[%eval 8,0] Inhibits Nd7.} 15. Rfd1 {[%eval 7,0]} Ndb4 {[%eval 15,0]} (15... Rac8 $5 {[%cal Rc6d4]}) 16. Nxb7 {[%eval 2,0]} Qxb7 {[%eval 26,0]} 17. a3 {[%eval 21,0]} Nd5 {[%eval 28,0]} 18. b4 {[%eval 1,0]} Rd7 {[%eval 25,0]} 19. Qc2 {[%eval 23,0]} Rd6 {[%eval 28,0]} 20. Qe4 {[%eval 36,0]} h6 {[%eval 36,0]} 21. Ne5 $2 {[%eval -38,0] Mistake. Be3 was best.} (21. Be3 Rad8) 21... f5 {[%eval -49,0]} (21... hxg5 22. Nxc6 f5 23. Qc2 $15) 22. Qf3 {[%eval -36,0]} Nxd4 {[%eval -36,0]} (22... hxg5 23. Nxc6 g4 24. Qb3 $17) 23. Rxd4 {[%eval -13,0]} hxg5 {[%eval -18,0]} 24. Rxd5 {[%eval -43,0]} g4 $2 {[%eval 8,0] Mistake. Qxd5 was best.} (24... Rxd5 25. Rc7 Qxc7 26. Qxd5+ Kh7 27. Qxa8) (24... Qxd5 25. Qxd5+ Rxd5 26. Bf3 Rd2 27. Bxa8 Bxe5 28. Bb7 Bb2 29. Rc8+ Kg7 30. Kf1) 25. Nxg4 $4 {[%eval -144,0][%mdl 8192] Blunder. Rxd6 was best. [#]} (25. Rxd6 gxf3 26. Bxf3 Qxf3 27. gxf3 exd6 28. Nxg6 Bb2 29. Rb1 Bxa3 30. Ne7+ Kf7) 25... fxg4 $19 {[%eval -141,0]} (25... Rxd5 26. Rc7 fxg4 27. Qb3 Qxc7 28. Qxd5+ Kh7 29. Qxa8) (25... Qxd5 26. Qxd5+ Rxd5 27. Bf3 $17) 26. Qxg4 {[%eval -146,0]} Qxd5 $4 {[%eval 0,0] Blunder. Rxd5 was best.} (26... Rxd5 27. Bf3 Rad8 28. Qxg6 Qd7 (28... Qc7 29. Bxd5+ Rxd5 30. Qe8+ Kh7 31. Qh5+ Rxh5 32. Rxc7) 29. Bxd5+ Qxd5) 27. Bf3 {[%eval 0,0]} Qd2 {[%eval 0,0]} 28. Rd1 {[%eval 0,0]} Qc2 {[%eval 0,0]} 29. Rxd6 {[%eval 0,0]} exd6 {[%eval 0,0]} 30. Qe6+ $4 {[%eval -345,0][%mdl 8192] Blunder. Bd5+ was best.} (30. Bd5+ Kh7 31. Qh4+ Bh6 32. Qe7+ Bg7 (32... Kh8 33. Qf6+ Kh7) 33. Qh4+ Bh6 34. Qe7+ Bg7 35. Qh4+) 30... Kh7 $1 $19 {[%eval -346,0] Black is clearly winning.} 31. Qh3+ {[%eval -343,0]} Bh6 {[%eval -338,0]} 32. Qd7+ {[%eval -334,0]} Kh8 {[%eval -337,0] [#] (  ...Qc1+)} 33. g3 {[%eval -332,0]} Rf8 {[%eval -332,0]} 34. Qa7 {[%eval -417,0]} Qc1+ $6 {[%eval -354,0] Inaccuracy. Rxf3 was best.} (34... Rxf3 35. a4 Qb1+ 36. Kg2 Qe4 37. Kg1 bxa4 38. Qxa6 Qe1+ 39. Qf1 Qxf1+ 40. Kxf1) 35. Kg2 {[%eval -367,0]} Qxa3 {[%eval -398,0] Weighted Error Value: White=0.64/Black=0.49 Precisão SF 17; Brancas 84% Pretas 91%} 0-1